[Event "3. Campeonato Sudamericano sub-20 2007"]
[Site "Buenos Aires ARG"]
[Date "2007.02.08"]
[Round "4.10"]
[White "Cori Tello, Jorge"]
[Black "Rossi, Leonardo"]
[Result "1-0"]
[WhiteElo "2213"]
[BlackElo "2019"]
[PlyCount "77"]
[EventDate "2007.02.07"]
[EventType "swiss"]
[EventRounds "9"]
[EventCountry "ARG"]
[Source "lmi"]
[SourceDate "2007.02.06"]

1. e4 e6 2. d4 d5 3. exd5 exd5 4. Bd3 Nf6 5. Bg5 Be7 6. Nf3 Bg4 7. Nbd2 O-O 8.
O-O Nbd7 9. c3 c5 10. Qc2 Re8 11. dxc5 h6 12. Bxf6 Bxf6 13. b4 a5 14. a3 Qc7
15. Nd4 Qf4 16. g3 Qe5 17. Rfe1 Qxe1+ 18. Rxe1 Rxe1+ 19. Kg2 axb4 20. axb4 Raa1
21. N2f3 Rec1 22. Qd2 Rd1 23. Qe3 Ne5 24. Be2 Re1 25. Nxe1 Rxe1 26. Qd2 Ra1 27.
Bxg4 Nxg4 28. Qf4 Ne5 29. Qf5 Ra2 30. Qc8+ Kh7 31. Qxb7 Ng4 32. Qd7 h5 33. h3
Nxf2 34. Qf5+ g6 35. Qxf2 Rxf2+ 36. Kxf2 Kg7 37. b5 Kf8 38. b6 Be5 39. Nc6 1-0

[Event "3. Campeonato Sudamericano sub-20 2007"]
[Site "Buenos Aires ARG"]
[Date "2007.02.10"]
[Round "8.4"]
[White "Diamant, Andre"]
[Black "Ambrogi, Agustin"]
[Result "1/2-1/2"]
[WhiteElo "2426"]
[BlackElo "2159"]
[PlyCount "83"]
[EventDate "2007.02.07"]
[EventType "swiss"]
[EventRounds "9"]
[EventCountry "ARG"]
[Source "lmi"]
[SourceDate "2007.02.06"]

1. e4 e6 2. d4 d5 3. Nd2 c5 4. Ngf3 cxd4 5. Nxd4 Nc6 6. Bb5 Bd7 7. Nxc6 Bxc6 8.
Bxc6+ bxc6 9. c4 Bc5 10. O-O Ne7 11. b3 O-O 12. Bb2 Ng6 13. Rc1 Rc8 14. exd5
cxd5 15. Nf3 dxc4 16. Rxc4 Qxd1 17. Rxd1 Bb6 18. Rdc1 Rxc4 19. Rxc4 Rd8 20. Kf1
f6 21. Ke2 e5 22. g3 Re8 23. b4 e4 24. Nd2 f5 25. Bd4 Bxd4 26. Rxd4 Ne5 27. Nc4
Nf3 28. Rd7 g5 29. Nd6 Re5 30. Rxa7 Rd5 31. Nc4 Nd4+ 32. Kf1 Nf3 33. Ne3 Rd2
34. Nxf5 Rd1+ 35. Kg2 Rg1+ 36. Kh3 h5 37. Nh6+ Kf8 38. b5 Rh1 39. Ng4 Rb1 40.
Nf6 Ng1+ 41. Kg2 g4 42. Rd7 1/2-1/2

[Event "3. Campeonato Sudamericano sub-20 2007"]
[Site "Buenos Aires ARG"]
[Date "2007.02.10"]
[Round "8.6"]
[White "Mekhitarian, Krikor Sevag"]
[Black "Fier Hilario, Alexandr"]
[Result "1/2-1/2"]
[WhiteElo "2416"]
[BlackElo "2526"]
[PlyCount "110"]
[EventDate "2007.02.07"]
[EventType "swiss"]
[EventRounds "9"]
[EventCountry "ARG"]
[Source "lmi"]
[SourceDate "2007.02.06"]

1. d4 Nf6 2. c4 e6 3. Nf3 b6 4. g3 Ba6 5. b3 b5 6. cxb5 Bxb5 7. Bg2 d5 8. O-O
Nbd7 9. Nc3 Ba6 10. Ne5 Nxe5 11. dxe5 Nd7 12. f4 c6 13. Kh1 Bb4 14. Bd2 Rb8 15.
Re1 O-O 16. Na4 Qa5 17. Bxb4 Rxb4 18. Rc1 c5 19. e4 Rd4 20. Qh5 g6 21. Qh4 dxe4
22. Qe7 Qd8 23. Qxd8 Rxd8 24. Nc3 Bd3 25. Nxe4 Bxe4 26. Bxe4 Rd2 27. Red1 Nb6
28. Rxd2 Rxd2 29. Rc2 Rd4 30. Bf3 c4 31. bxc4 Nxc4 32. Be2 Nb6 33. Kg2 Ra4 34.
Bb5 Ra3 35. Bc6 h6 36. h4 h5 37. Kh2 Kf8 38. Kh3 Ke7 39. Bg2 Nd7 40. Rc7 Kd8
41. Rb7 Ra6 42. Rb2 Rb6 43. Rxb6 Nxb6 44. Bc6 Nc4 45. Kg2 Ne3+ 46. Kf2 Nc2 47.
Ba4 Nb4 48. a3 Nd5 49. Kf3 Ke7 50. Bc6 Nb6 51. Bb5 Nd5 52. Bc6 Nb6 53. Ke2 Nc4
54. a4 Na5 55. Bb5 f6 1/2-1/2

[Event "3. Campeonato Sudamericano sub-20 2007"]
[Site "Buenos Aires ARG"]
[Date "2007.02.10"]
[Round "8.11"]
[White "Zabala, Jorge Adriel"]
[Black "Rossi, Leonardo"]
[Result "1-0"]
[WhiteElo "2093"]
[BlackElo "2019"]
[PlyCount "42"]
[EventDate "2007.02.07"]
[EventType "swiss"]
[EventRounds "9"]
[EventCountry "ARG"]
[Source "lmi"]
[SourceDate "2007.02.06"]

1. e4 e6 2. d4 d5 3. Be3 dxe4 4. f3 exf3 5. Nxf3 Nc6 6. Bd3 Nf6 7. O-O Be7 8.
Ne5 Nxd4 9. g4 Qd5 10. Nxf7 Kxf7 11. g5 Nf5 12. Qe2 Nxe3 13. gxf6 gxf6 14. Rf3
Rg8+ 15. Kh1 Bc5 16. Nc3 Qd4 17. Ne4 Rg2 18. Rxf6+ Qxf6 19. Qh5+ Qg6 20. Ng5+
Rxg5 21. Bxg6+ Rxg6 1-0